000
00276nam a22000977a 4500
005
20250901165604.0
008
231213b |||||||| |||| 00| 0 eng d
050
_a
HM251 .M324 2002
245
_a
SOCIOLOGY FOR A2
_c
Moore, Stephen
942
_2
lcc
_h
HM251 .M324 2002
999
_c
6329
_d
6329